ბათუმის შოთა რუსთაველის სახელმწიფო უნივერსიტეტის ბიბლიოთეკა

საზღვარგარეთის ქვეყნების კონსტიტუციები. ნაწ. 3 : (ბიბ.ჩანაწერი № 63840)

000 -ლიდერი
ფიქსირებული სიგრძის საკონტროლო ველი 01674nam a2200205 4500
003 - საკონტროლო ნომრის იდენტიფიკატორი
საკონტროლო ველი Ge_BSU
005 - ბოლო ოპერაციის თარიღი და დრო
საკონტროლო ველი 20260202205933.0
008 - ფიქსირებული სიგრძის მონაცემთა ელემენტები - ზოგადი ინფორმაცია
ფიქსირებული სიგრძის საკონტროლო ველი 260202s2006 ge ||||| |||| 00| 0 geo d
020 ## - წიგნის საერთაშორისო სტანდარტული ნომერი
International Standard Book Number 999400624X
041 ## - ენის კოდი
Language code of text/sound track or separate title geo
080 ## - უნივერსალური ათობითი კლასიფიკაციის ინდექსი
Universal Decimal Classification number 342.4(100-87) ს-17
245 ## - ცნობა სათაურის შესახებ
Title საზღვარგარეთის ქვეყნების კონსტიტუციები. ნაწ. 3 :
Remainder of title [ბოსნია და ჰერცეგოვინა. გერმანია. ესპანეთი. ესტონეთი. თურქეთი. კანადა. ნორვეგია. რუმინეთი. უკრაინა. უნგრეთი. ყაზახეთი. ხორვატია] /
Statement of responsibility, etc [შემდგ.: ვასილ გონაშვილი და სხვ.; სარედ. კოლ.: ლ. ბეჟაშვილი და სხვ.]; კავშირი "იურისტები სამართლ. სახელმწიფოსთვის".
264 ## - წარმოების, გამოცემის, დისტრიბუციის და სხვა ცნობები
გამოცემის, წარმოების, დისტრიბუციის... ადგილი თბილისი :
გამოცემის, წარმოების, დისტრიბუციის... სახელწოდება თბილისელები,
გამოცემის, წარმოების, დისტრიბუციის... თარიღი 2006.
300 ## - ფიზიკური აღწერა
Extent 858 გვ.;
Other physical details 21 სმ.
653 ## - INDEX TERM--UNCONTROLLED
Uncontrolled term საზღვარგარეთის ქვეყნების კონსტიტუციები
700 ## - ADDED ENTRY--PERSONAL NAME
Personal name გონაშვილი, ვასილ
Relator term შემდგენელი, რედაქტორი
9 (RLIN) 26785
700 ## - ADDED ENTRY--PERSONAL NAME
Personal name ბეჟაშვილი, ლ.
Relator term რედაქტორი
9 (RLIN) 16831
710 ## - ADDED ENTRY--CORPORATE NAME
Corporate name or jurisdiction name as entry element კავშირი "იურისტები სამართლებრივი სახელმწიფოსთვის".
9 (RLIN) 16832
942 ## - ADDED ENTRY ELEMENTS (KOHA)
Source of classification or shelving scheme
Koha item type წიგნი
ეგზემპლარები
ჩამოწერის სტატუსი დაკარგული ეგზემპლარის სტატუსი კლასიფიკაციის წყარო ან თაროზე გაწყობის სქემა დაზიანების სტატუსი არ გაიცემა მუდმივი მდებარეობა (დაცვის ადგილი) ამჟამინდელი ადგილსამყოფელი თაროზე განთავსების ადგილი შეძენის თარიღი ღირებულება, შესყიდვის ნორმალური ფასი სრული შენახვის შიფრი შტრიხკოდი ბოლო ოპერაციის თარიღი ეგზემპლარის მიმდევრობითი ნომერი (კეტერი?) Uniform Resource Identifier ფასის ძალაში შესვლის თარიღი ეგზემპლარის სახეობა საჯარო შენიშვნა
          ბათუმის შოთა რუსთაველის სახელმწიფო უნივერსიტეტის მთავარი ბიბლიოთეკა ბათუმის შოთა რუსთაველის სახელმწიფო უნივერსიტეტის მთავარი ბიბლიოთეკა წიგნსაცავი 2026-02-02 10.00 342.4(100-87) ს-17 73647 2026-02-02 73647 ნაჩუქარი 2026-02-02 წიგნი 10 ლ.